[Event "Tashkent FIDE GP 2nd"]
[Site "Tashkent"]
[Date "2012.11.25"]
[Round "4"]
[White "Leko, Peter"]
[Black "Dominguez Perez, Leinier"]
[Result "1/2-1/2"]
[WhiteElo "2732"]
[BlackElo "2726"]
[Annotator "Marin,M"]
[PlyCount "63"]
[EventDate "2012.11.22"]
[EventType "tourn"]
[EventRounds "11"]
[EventCountry "UZB"]
[EventCategory "20"]
[SourceTitle "CBM 152"]
[Source "ChessBase"]
[SourceDate "2013.01.15"]
[SourceVersion "1"]
[SourceVersionDate "2013.01.15"]
[SourceQuality "1"]

1. d4 Nf6 2. c4 e6 3. Nc3 Bb4 4. Qc2 O-O 5. e4 ({White has faced constant
problems proving an advantage after} 5. a3 Bxc3+ 6. Qxc3 d5 {, see for
instance the recent game Carlsen,M (2835)-Kramnik,V (2801)/Moscow 2012/CBM 149/
[Marin,M] (1/2, 23)}) 5... d5 ({The other possible approach is} 5... d6 {
Al Sayed,M (2504)-Eljanov,P (2729)/Khanty Mansiysk 2009/CBM 134/[Marin] (1/2,
63)}) 6. e5 Ne4 7. Bd3 c5 8. Nf3 {The most active way to dveelop the knight.} (
8. Nge2 {gives Black a wider choice.} Nc6 (8... f5 {1/2 Hillarp Persson,T 
(2545)-Polgar,J (2655)/Malmo 2000/CBM 077/[Golod,V] (29)}) (8... cxd4 {
transposes to 8.Nf3}) 9. O-O cxd4 10. cxd5 exd5 11. Nxd5 Qxd5 12. Bxe4 Qxe5 13.
Bf4 Qh5 $11 {Zhigalko,S (2658)-Alekseev,E (2670)/Moscow 2012/CBM 147 (1/2, 22)}
) 8... cxd4 (8... Nc6 {is less effective here:} 9. O-O Bxc3 (9... Nxd4 10. Nxd4
cxd4 11. Nxe4 dxe4 12. Bxe4 $14) 10. bxc3 cxd4 11. Ba3 Re8 12. cxd4 Qa5 13. Qb2
b6 14. Rac1 Bb7 15. Rfe1 Rac8 16. Re3 $16 {Holt,C (2417)-Gerzhoy,L (2496)/
Philadelphia 2011 (1-0, 38)}) 9. Nxd4 Nd7 {The most natural developing move,
putting pressure on e5.} (9... dxc4 {has been played several times, but never
at GM level.} 10. Bxe4 Qxd4 11. Bf4 h6 12. O-O Nc6 13. Rad1 Qc5 {Gavrish,L 
(2184)-Bernadskiy,V (2358)/Chervonograd 2009 (0-1, 52)} 14. Qe2 $5 {[%csl Gg8]
[%cal Ge4b1] /\Bb1 ->}) ({The experiemental} 9... Nc5 $5 {puts White to the
test seriously, as in 1/2 Jones,G (2635)-Volokitin,A (2695)/Plovdiv 2012/CBM
148/[Likavsky,T] (83)}) 10. Bf4 Qh4 ({For} 10... Ndc5 {see Mamedyarov,S (2765)
-Ganguly,S (2627)/Ningbo 2011/CBM 144/[Krasenkow] (1-0, 27)}) 11. g3 Qh5 (11...
Qh3 {Zhao Xue (2474)-Chiburdanidze,M (2502)/Antakya 2010/CBM 140/
[Mikhalchishin,A] (1-0, 40)}) 12. O-O {White continues to play natural moves,
which is probably the best.} (12. Be2 $6 Qg6 (12... Qh3) 13. a3 Bc5 14. Rd1 f6
$132 {Parligras,M (2626)-Naiditsch,A (2716)/Sarajevo 2011/CBM 142 Extra (1-0,
46)}) (12. Bxe4 $6 dxe4 13. Qxe4 f6 14. exf6 (14. Qe2 Qxe2+ 15. Ndxe2 g5 16.
Be3 Nxe5 $17 {Saric,S (2473)-Papp,G (2551)/Hungary 2011/CBM 144 Extra (0-1, 76)
}) 14... Bxc3+ 15. bxc3 e5 $17) (12. h4 {Sethuraman,S (2547)-Venkatesh,M (2434)
/New Delhi 2010/CBM 139 Extra (1/2, 26)} Nxe5 13. Be2 Ng4 $132 ({Or} 13... Qg6
14. Bxe5 f6 $1 {Before initiating the exchanges, Black needs to drive the
bishop away from the indirect defence of the c3-square.} 15. Bc7 Nxc3 16. bxc3
Qxc2 17. Nxc2 Bxc3+ 18. Kd1 Bxa1 19. Nxa1 dxc4 20. Bxc4 Bd7) 14. f3 $2 e5 $1
15. fxg4 Bxg4 16. Bxg4 Qxg4 17. Bxe5 Rae8 $19) (12. cxd5 exd5 13. O-O Nxc3 $6 {
This loses too much time, something Black cannot afford since he is
underdeveloped anyway.} (13... Nxe5 $5 {needs to be tested.}) 14. bxc3 Bc5 15.
Rfe1 f6 $6 16. Qb3 $1 $16 {L'Ami,A (2376)-Brynell,S (2500)/Hoogeveen 2012 (1/2,
61)}) 12... g5 $5 {Black is far behind in development and his best chance is
to play against White's active, but somewhat exposed, pieces.} (12... Bxc3 13.
bxc3 g5 {is also possible, transposing to a line below, but it makes more
sense to refrain from (or at least delay) the exchange on c3.}) 13. cxd5 $5 {
In his turn, White should look for such intermediate moves, the only ones that
may help him take advantage of his better development.} (13. Bxe4 dxe4 14. Bd2
Qg6 15. Qxe4 {Fedorovsky,M (2395)-Halkias,S (2588)/Plovdiv 2012/CBM 148 (1/2,
32)} Qxe4 16. Nxe4 Bxd2 17. Nxd2 Nxe5 $11) 13... gxf4 ({For} 13... Bxc3 14.
bxc3 exd5 15. Bxe4 dxe4 16. e6 {see Mamedyarov,S (2765)-Efimenko,Z (2706)/
Ningbo 2011/CBM 144/[Krasenkow] (1/2, 35)}) 14. dxe6 $5 $146 {The series of
intermediate moves will continue for a while.} (14. Bxe4 Nxe5 15. dxe6 Ng4 16.
Nf3 Bxe6 $36 {unnecessarily speeds up Black's development, Kulaots,K (2574)
-Naiditsch,A (2698)/Belfort 2012 (0-1, 29)}) 14... Nxc3 15. exd7 (15. bxc3 Nxe5
16. exf7+ (16. cxb4 Bxe6) 16... Rxf7 17. cxb4 Bh3 18. Rfe1 fxg3 19. hxg3 Rd8
$44 {For just a pawn, Black has achieved a perfect regrouping and dangerous
pressure.} 20. Qc5 $2 {loses in an instructive way:} Bg2 $1 $19 21. Kxg2 Rxf2+
22. Kxf2 Nxd3+) 15... fxg3 {Black rightly considers that later he may simply
not have the time to carry out this exchange.} ({Here is such a line:} 15...
Bxd7 16. bxc3 Rac8 17. Qd1 $5 Qxd1 18. Raxd1 Rxc3 19. Ne2 $1 {[%cal Ge2f4]
Black cannot avoid the loss of a pawn.} Rc5 20. Bxh7+ $1) 16. hxg3 Bxd7 17.
bxc3 Rac8 18. Bf5 (18. Qd1 Qxd1 19. Raxd1 Rxc3 20. Ne2 {is harmless because of}
Rc7 {as there is no pawn hanging on f4.}) 18... Bxc3 (18... Rxc3 19. Qe4 $36)
19. Bxd7 Bxa1 20. Bxc8 Bxd4 21. Bxb7 Qxe5 $11 {The tactical phase has come to
an end and White's advantage is purely symbolic. A draw is the most probable
result.} 22. Kg2 Rb8 23. Rb1 Kg7 24. Qd3 Qf6 25. Qe2 Re8 26. Qg4+ Kf8 27. Bf3
Qg6 28. Qxd4 $5 {An amusing way to offer a draw.} Qxb1 29. Qh8+ Ke7 30. Qe5+
Kf8 31. Qh8+ Ke7 32. Qe5+ 1/2-1/2

[Event "Candidates final"]
[Site "Elista"]
[Date "2007.06.10"]
[Round "2.4"]
[White "Bareev, Evgeny"]
[Black "Leko, Peter"]
[Result "1/2-1/2"]
[WhiteElo "2643"]
[BlackElo "2738"]
[Annotator "Marin,M"]
[PlyCount "104"]
[EventDate "2007.06.06"]
[EventType "k.o."]
[EventRounds "6"]
[EventCountry "RUS"]
[SourceTitle "CBM 119"]
[Source "ChessBase"]
[SourceDate "2007.08.01"]
[SourceVersion "1"]
[SourceVersionDate "2007.08.01"]
[SourceQuality "1"]

{Starting with today, my comments will become less comprehensive. I have a
good reason for that: quite soon, I will participate in the Spanish team
championship, where the expected rating average of my opponents corresponds
->to the 18th cathegory. One does not play against Svidler and Ivanchuk every
day, and I feel I should be doing some preparation for this special occasion.
However, I will analyze the most interesting games from the remaining rounds
in Elista in greater detail for the next issue of ChessBase Magazine.} 1. d4
Nf6 2. c4 e6 3. Nc3 {Against Judit, Bareev displayed excellent preparation in
the Quen's Indian. For some reason, he applies another treatment to Judit's
countryman.} Bb4 4. Qc2 O-O 5. a3 Bxc3+ 6. Qxc3 b6 7. Bg5 Bb7 8. e3 ({Leko's
play against Gurevich in the lines starting with} 8. f3 {was quite convincing.
Besides, Bareev is a specalist of the system introduced by the text move.})
8... d6 9. Ne2 Nbd7 10. Qd3 {Clearing the c3-square for the knight. This is
the third move with the queen already, but White's strong pawn centre is
supposed to compensate for his delay in development.} Ba6 11. Qc2 {This move
has been seen rarely here, but the position usually arises from a different
move order: Black plays 7...Ba6 without losing a tempo with ...Bb7 and White
retreats the queen to c2 skipping Qd3.} ({There has been some theoretical
discussion after} 11. Nc3 d5 12. Qc2 {but Black has generally ben doing fine.
Here is a typical example.} Bxc4 13. Bxc4 dxc4 14. Qa4 c5 15. Qxc4 cxd4 16.
Qxd4 h6 17. Bh4 Qc7 18. O-O Rfc8 19. Rfd1 Qc4 20. e4 Qxd4 21. Rxd4 Ne5 22. f3
Nh5 23. Be1 Nf4 24. Rad1 {Beliavsky,A (2667)-Grischuk,A (2719)/Tripoli 2004/
CBM 102 (1/2-1/2, 50). White's centralisation is matched by Black's active
knights.}) 11... Qc8 $5 {A rather sophisticated move. Black intends to attack
the enemy centre with ...c5 and answer dxc5 with ...Qxc5.} ({It should be said
that after the more popular} 11... c5 12. dxc5 bxc5 {or even 12...Nxc5,
Black's results have not been too bad either.}) 12. b4 {This looks like a
consistent continuation from strategic point of view, but does very little for
the development of the kingside.} (12. Nc3 {was investigated in the notes to
Kacheishvili,G (2577)-Milov,V (2626)/Batumi 1999/CBM 074/[Milov,V] (0-1, 22).
Since then, the following game has been played:} c5 13. Rd1 cxd4 14. Rxd4 Qc5
15. Bh4 d5 $6 (15... Rfc8 16. Be2 e5 {[%csl Yc4]}) (15... e5 $5 16. Rd2 Rac8 {
[%csl Yc4]}) 16. Qa4 Bb7 (16... Bxc4 17. Bxc4 dxc4 18. Rxd7 b5 19. Qd1 Nxd7 20.
Qxd7 $16 {Black's compensation does not seem to be sufficient, because his
queenside pawns are not easy to advance, while the minor pieces are quite
stable.}) 17. cxd5 {[%csl Yd7]} exd5 18. Be2 $16 {Sokolov,I (2662)-Ibrahimov,R
(2511)/Warsaw 2005/CBM 108 (1/2-1/2, 57)}) 12... c5 13. dxc5 bxc5 14. b5 Bb7 {
The mutual losses of time tend to compensate each other. However, the fact
that White has been forced to block the queenside can be regarded as an
achievement for Black, whose advantage in the centre will persist untill deep
in the endgame.} 15. a4 $146 ({This move is more useful than the previously
played} 15. f3 h6 16. Bh4 d5 17. Bf2 Qc7 18. Ng3 Ne5 19. Be2 Qa5+ $6 {This
check only helps White activate his king and annihilate his slight delay in
development.} (19... Nxc4 20. Bxc4 dxc4 21. Qxc4 a6 $15) 20. Qd2 Qxd2+ 21. Kxd2
Rfd8 22. Kc3 a6 23. a4 a5 24. Rhd1 $14 {[%csl Yc3] Krush,I (2399)-Psakhis,L 
(2599)/Internet ICC 2000/EXT 2001 (1-0, 42)}) 15... d5 16. a5 Rb8 {White's
advantage of space on the queenside looks impressive, but his kingside is
underdeveloped.} 17. Ng3 Qc7 18. Be2 Qe5 19. Bxf6 Nxf6 20. O-O h5 21. h4 Rfd8
$11 {Black has a good control in the centre and faces no serious problems.} 22.
Rad1 g6 23. Bf3 d4 $5 24. Bxb7 Rxb7 25. Rfe1 Qc7 26. exd4 cxd4 27. Qd3 Ng4 28.
Nf1 Ne5 29. Qe2 Ng4 30. a6 {White avoids the repetition of moves mainly
because of the unfavourable match situation.} Rbb8 31. Qd3 Rbc8 32. Re4 e5 33.
f3 Nf6 34. Ree1 Nd7 35. Nd2 Nc5 36. Qa3 Re8 {White's position is difficult.
His queenside pawns are blocked, while the enemy centre is quite threatening.
Bareev recurs to desperate means.} 37. Nb3 Nxb3 38. Qxb3 Qxc4 39. Qxc4 Rxc4 40.
Rc1 {The permanent possibility of creating a far advanced passed pawn offers
White reasonable saving chances.} Rc3 41. Kf2 Rec8 42. Ra1 Rc2+ 43. Kg3 R2c5
44. Reb1 Kg7 45. b6 axb6 46. Rxb6 R5c7 47. Rd6 Rc1 48. Ra5 R8c5 49. Ra4 R1c4
50. Ra1 Rc1 51. Ra4 R1c4 52. Ra1 Rc1 {With the intention of eternally pursuing
the white rook or, in case of exchange, place his own rook behind the passed
pawn.} 1/2-1/2

[Event "EU-chT (Men) 18th"]
[Site "Porto Carras"]
[Date "2011.11.07"]
[Round "5.3"]
[White "Morozevich, Alexander"]
[Black "Moiseenko, Alexander"]
[Result "1-0"]
[WhiteElo "2762"]
[BlackElo "2715"]
[Annotator "Marin,M"]
[PlyCount "115"]
[EventDate "2011.11.03"]
[EventType "team-swiss"]
[EventRounds "9"]
[EventCountry "GRE"]
[SourceTitle "CBM 146"]
[Source "ChessBase"]
[SourceDate "2012.01.18"]
[SourceVersion "1"]
[SourceVersionDate "2012.01.18"]
[SourceQuality "1"]
[WhiteTeam "Russia"]
[BlackTeam "Ukraine"]
[WhiteTeamCountry "RUS"]
[BlackTeamCountry "UKR"]

1. d4 Nf6 2. c4 e6 3. Nc3 Bb4 4. Qc2 O-O 5. a3 Bxc3+ 6. Qxc3 b6 7. Bg5 Bb7 8.
e3 d6 9. Ne2 Nbd7 10. Qc2 h6 11. Bh4 c5 12. dxc5 $5 {A rare continuation.} ({
The main line goes} 12. Rd1 {Bareev,E (2675)-Naiditsch,A (2641)/Khanty
Mansiysk 2005/CBM 111/[Golod,V] (1-0, 53)}) 12... bxc5 13. Nc3 d5 (13... Qe7
14. f3 Ne5 15. Bg3 Nh5 16. Bxe5 dxe5 17. Bd3 Rad8 18. O-O-O f5 {1/2 Sarkar,J 
(2382)-Ehlvest,J (2587)/Kerhonkson 2003/EXT 2004}) 14. Rd1 (14. O-O-O {
Kacheishvili,G (2577)-Polgar,J (2671)/Batumi 1999/CBM 074/[Golod,V] (0-1, 33)})
14... Qa5 (14... Qe7 {, transposing to a line from the game Johannessen-Stocek,
without the only relatively useful ...Rfe8, from the same tournament, deserves
attention.}) 15. Be2 {Black seems to have an active position and the relative
weakness of the light squares in White's camp look quite inviting. However,
the h4-bishop is very strong, imobilising Black's knights, an aspect that
should not be underestimated.} Ba6 16. O-O Bxc4 17. Bxc4 dxc4 18. Nb1 Qb5 19.
Nd2 Rab8 20. Rb1 Nb6 21. Bxf6 gxf6 22. Ne4 Nd5 23. Rfc1 f5 24. Nd6 Qb3 25. Nxc4
$14 {Play has settled down finally. White has the better structure on both
wings, which ensures him a stable advantage.} Qxc2 26. Rxc2 Rb3 27. Nd2 Rd3 28.
g3 Rd8 29. Nc4 Nb6 30. Na5 c4 31. Nc6 Rd1+ 32. Rxd1 Rxd1+ 33. Kg2 Rd7 34. Ne5
Rc7 35. Kf1 Rc5 36. Nf3 Kf8 37. Nd2 Ke7 38. Ke2 Rb5 39. Kd1 Kd6 40. Kc1 Rc5 41.
e4 Ke5 42. f4+ Kd4 43. exf5 exf5 44. Kd1 Rc8 45. Nf3+ Ke3 46. Ne5 f6 47. Re2+
Kd4 48. Nf3+ Kd3 49. Ne1+ Kd4 50. Nc2+ Kc5 51. Ne3 Re8 52. Nxf5 Rxe2 53. Kxe2
Na4 54. Nxh6 Nxb2 55. h4 c3 56. Nf5 Kd5 57. h5 Ke6 58. h6 1-0

[Event "ASEAN GM 2nd"]
[Site "Bangkok"]
[Date "2004.07.25"]
[Round "6"]
[White "Dao, Thien Hai"]
[Black "Yu, Shaoteng"]
[Result "1-0"]
[WhiteElo "2583"]
[BlackElo "2476"]
[Annotator "Marin,M"]
[PlyCount "117"]
[EventDate "2004.07.22"]
[EventType "tourn"]
[EventRounds "10"]
[EventCountry "THA"]
[EventCategory "12"]
[SourceTitle "CBM 103"]
[Source "ChessBase"]
[SourceDate "2004.11.11"]
[SourceVersion "1"]
[SourceVersionDate "2004.11.11"]
[SourceQuality "1"]

1. d4 Nf6 2. c4 e6 3. Nc3 Bb4 4. Qc2 O-O 5. Bg5 h6 6. Bh4 c5 7. dxc5 Na6 8. e3
Nxc5 9. Nge2 Nce4 10. a3 Qa5 11. Rc1 Bxc3+ 12. Nxc3 Nxc3 13. Qxc3 Qxc3+ 14.
Rxc3 g5 15. Bg3 Ne4 16. Rd3 Nxg3 17. hxg3 Kg7 18. c5 Rb8 19. Rd6 b6 20. cxb6
Rxb6 21. Rxb6 axb6 22. Bb5 Bb7 23. f3 Bc6 24. Be2 f5 25. Kd2 Kg6 26. Kc3 Ra8
27. Rd1 Ra4 28. Rd2 Kf6 29. Bd1 Ra5 30. Rd4 Rc5+ 31. Kd2 Rd5 32. Rxd5 Bxd5 33.
a4 Ke7 34. b4 Kd6 35. Kc3 Bb7 36. Bc2 Kc7 37. Kd4 d6 38. Bb3 e5+ 39. Kc3 {
[%cal Ra4a5] White has the better chances because of the possibility of
creating a remote passed pawn on the a-file. Weiß hat die besseren Chancen
aufgrund der Möglichkeit, einen entfernten Bauern auf der a-Linie zu bilden.}
d5 $2 {[%csl Re5] After this careless move, the weakness of the dark squares
will prove of decisive importance. Black should have started a counterplay
against the weak white kingside pawns with, for instance Nach diesem
unachtsamen Zug wird sich die Schwäche der dunklen Felder als entscheidend
erweisen. Schwarz hätte ein Gegenspiel gegen die schwachen weißen
Königsflügelbauern einleiten sollen, zum Beispiel} (39... g4 {[%csl Rf3,Rg2]
[%cal Rb7g2]}) 40. Bc2 Bc8 41. Bd3 Kd6 42. f4 $1 {[%csl Rd4,Re5] Ensuring the
further infiltration of the king via d4. Sorgt dafür, dass der König über d4
weiter eindringen kann.} Bd7 43. fxe5+ Kxe5 44. a5 bxa5 45. bxa5 Bc6 46. a6 Ba8
47. Bb5 Ke4 (47... Kd6 48. Kd4 $18) 48. Kd2 d4 (48... Ke5 49. Bd7 h5 50. Kd3 h4
51. gxh4 gxh4 52. Bc8 Kd6 53. Kd4 Kc6 54. Bb7+ $18) 49. Bd3+ Ke5 50. exd4+ Kxd4
51. Bxf5 Bxg2 52. Bc8 Bf1 (52... Bc6 53. Bb7 Kc5 54. g4 $1 (54. Ke3 $4 h5 $11)
54... Kb6 55. Bxc6 Kxc6 56. Kd3 $18) 53. a7 Bg2 54. Ke2 $1 Kc5 (54... h5 55.
Kf2 Ba8 56. Bh3 {[%cal Yh3g2]} Kc5 57. Bg2 h4 58. g4 Kb6 59. Bxa8 Kxa7 60. Bg2
Kb6 61. Ke3 Kc5 62. Ke4 $18 {[%cal Re4f5,Rf5g5]}) 55. Bg4 Kb6 56. Bf3 Bxf3+ 57.
Kxf3 Kxa7 {In spite of massive simplifications the remote passed pawn has done
his job by distracting the enemy king. Trotz massiver Vereinfachungen hat der
entfernte Freibauer seine Mission vollbracht; er hat den feindlichen König
abgelenkt.} 58. Kg4 Kb7 59. Kh5 1-0

[Event "World Cup"]
[Site "Khanty-Mansiysk"]
[Date "2009.12.01"]
[Round "4.2"]
[White "Vitiugov, Nikita"]
[Black "Karjakin, Sergey"]
[Result "0-1"]
[WhiteElo "2694"]
[BlackElo "2723"]
[Annotator "Marin,M"]
[PlyCount "94"]
[EventDate "2009.11.21"]
[EventType "k.o."]
[EventRounds "7"]
[EventCountry "RUS"]
[SourceTitle "CBM 134"]
[Source "ChessBase"]
[SourceDate "2010.01.18"]
[SourceVersion "1"]
[SourceVersionDate "2010.01.18"]
[SourceQuality "1"]

1. d4 Nf6 2. c4 e6 3. Nc3 Bb4 4. Qc2 O-O 5. a3 Bxc3+ 6. Qxc3 d5 7. e3 b6 8. Nf3
Bb7 9. b3 Nbd7 10. Be2 c5 11. O-O Rc8 12. a4 dxc4 13. bxc4 Qc7 {A typically
problematic Nimzo Indian position. Will the white hanging pawns be a strenght
or a weakness? Will the bishop's pair compensate or overweight the relative
weakness of the c4-square? As in most of the 4.Qc2 lines, the exposed position
of the white queen complicates White's concrete problems while trying to give
a favourable answer to the strategig issues above.} 14. Bb2 $146 (14. Rd1 {
may be more subtle.} Rfd8 (14... Bxf3 15. gxf3 cxd4 16. exd4 $13 {maintains
the integrity of the white pawns, since} Nd5 $6 {, as analyzed in the main
game, fails to} 17. Qd2 $1 $14 {[%csl Gf4] Black has just lost time. Still,
the position after 16.exd4 may be critical for the evaluation of the variation.
}) 15. Bb2 cxd4 (15... Bxf3 {can be answered with} 16. Bxf3 $1 {, avoiding
kingside pawn weaknesses.} cxd4 17. Rxd4 e5 18. Rd2 Qxc4 19. Qxc4 Rxc4 20. Rad1
Rdc8 {It is best to get out of the pin at once. For White, it is risky to
capture on d7, since his back rank is vulnerable and the b2-bishop unstable.}
21. g4 $1 $36 {The threats of g5 or simply Rxd7 are annoying. White will most
likely win the e5-pawn, achieving material equality and maintaining two strong
bishops.}) 16. exd4 Qf4 17. Qe3 Qxe3 18. fxe3 $14 {Finally, White has
sterngthened his centre and can look forward with optimism, Carlsen,M (2772)
-Bacrot,E (2721)/Dortmund 2009/CBM 131 (1/2, 39)}) 14... Bxf3 15. gxf3 {
Since there is no pressure along the d-file, White cannot sacrifice the
c4-pawn.} cxd4 16. Qxd4 (16. exd4 Nd5 $1 $132 {[%cal Gd5f4]}) 16... e5 17. Qh4
Rfe8 18. Kh1 Nf8 $15 {Black's knights are quite strong, because of White's
pawn weaknesses. Black can parry an eventual kingside attack with ...Ng6,
while the white queenside pawns are vulnerable.} 19. Qh3 a5 20. Rfd1 Rcd8 21.
Qf5 Rxd1+ 22. Rxd1 N8d7 23. c5 Nxc5 24. Bb5 Re6 25. Kg1 g6 26. Qc2 Rd6 27. Rc1
Qe7 28. Ba3 Nfd7 29. Bxd7 Qxd7 30. Bxc5 Rc6 31. Qe4 Qc7 32. f4 Rxc5 33. Rxc5
bxc5 34. fxe5 c4 35. e6 fxe6 36. Qxe6+ Kg7 37. Qe4 c3 38. Qd4+ Kg8 39. Qd5+ Kf8
40. Qd4 c2 41. Qh8+ Ke7 42. Qxh7+ Kd8 43. Qg8+ Kd7 44. Qg7+ Kc8 45. Qh8+ Kb7
46. Qb2+ Ka6 47. Qc1 Qc4 0-1